[Event "Split rapid op 6th"]
[Site "Split"]
[Date "2024.08.08"]
[Round "1"]
[White "Spiridonov, Maksym"]
[Black "Ramaj, Ergit"]
[Result "0-1"]
[WhiteElo "1671"]
[BlackElo "2073"]
[PlyCount "52"]
[EventDate "2024.08.08"]
[EventType "swiss (rapid)"]
[EventRounds "7"]
[EventCountry "CRO"]
[SourceTitle "CBM 221 Extra"]
[Source "ChessBase"]
[SourceDate "2024.09.30"]
[SourceVersion "1"]
[SourceVersionDate "2024.09.30"]
[SourceQuality "1"]

1. e4 c5 2. Nf3 Nc6 3. c3 e5 4. d4 cxd4 5. cxd4 exd4 6. Nxd4 Bb4+ 7. Nc3 Nf6 8. Bd3 Nxd4 9. 0-0 Bxc3 10. bxc3 Nc6 11. e5 Nd5 12. Bxh7 Nxc3 13. Qc2 Nd4 14. Qd3 Nce2+ 15. Kh1 Qh4 16. h3 Qxh7 17. Qc4 Qe4 18. f3 Ng3+ 19. Kg1 Nde2+ 20. Qxe2 Qxe2 21. Rf2 Qe1+ 22. Kh2 Qxf2 23. Bf4 Nf5 24. Rc1 g5 25. Bxg5 Rxh3+ 26. Kxh3 Qg3# 0-1